Method Validation in Pharmaceutical Analysis: A Guide to Best Practice

ग्रंथसूची विवरण
मुख्य लेखक: Joachim Ermer, Phil W. Nethercote
स्वरूप: अज्ञात
LEADER 00248 a2200085 4500
020 |a 9783527348909 
100 |a Joachim Ermer, Phil W. Nethercote  |9 59922 
245 |a Method Validation in Pharmaceutical Analysis: A Guide to Best Practice 
942 |c BK 
999 |c 47662  |d 47662